[Event "Komi-ch"]
[Site "Ukhta"]
[Date "2010.02.19"]
[Round "9"]
[White "Smirnov, Igor A"]
[Black "Litke, Vladimir Vladimirov"]
[Result "0-1"]
[WhiteElo "2022"]
[BlackElo "2288"]
[PlyCount "70"]
[EventDate "2010.02.11"]
[EventType "swiss"]
[EventRounds "10"]
[EventCountry "RUS"]
[SourceTitle "CBM 135 Extra"]
[Source "ChessBase"]
[SourceDate "2010.05.04"]
[SourceVersion "1"]
[SourceVersionDate "2010.05.04"]
[SourceQuality "1"]

1. e4 c5 2. Nf3 d6 3. d4 cxd4 4. Nxd4 Nf6 5. Nc3 a6 6. Be2 e5 7. Nb3 Be7 8. 0-0 0-0 9. Be3 Be6 10. f4 exf4 11. Rxf4 Nc6 12. Nd4 Nxd4 13. Qxd4 Rc8 14. Rd1 Nd7 15. Rf2 Qa5 16. Qd2 Qc7 17. Bf1 Ne5 18. Bd4 Ng4 19. Rf4 Ne5 20. Rf2 h6 21. h3 Bh4 22. Rf5 Bxf5 23. exf5 Rfe8 24. Qf4 Bg5 25. Qf2 Qc6 26. Be2 d5 27. Qg3 Nc4 28. h4 Be3+ 29. Kh1 Bxd4 30. Rxd4 Ne3 31. Bd3 Qf6 32. Rf4 Re5 33. Qf2 Rce8 34. g4 Nd1 35. Qg3 Re3 0-1

[Event "Komi-ch"]
[Site "Ukhta"]
[Date "2010.02.16"]
[Round "6"]
[White "Smirnov, Igor A"]
[Black "Ivanov, Georgi"]
[Result "1/2-1/2"]
[WhiteElo "2022"]
[BlackElo "2194"]
[PlyCount "30"]
[EventDate "2010.02.11"]
[EventType "swiss"]
[EventRounds "10"]
[EventCountry "RUS"]
[SourceTitle "CBM 135 Extra"]
[Source "ChessBase"]
[SourceDate "2010.05.04"]
[SourceVersion "1"]
[SourceVersionDate "2010.05.04"]
[SourceQuality "1"]

1. e4 c5 2. Nf3 Nc6 3. d4 cxd4 4. Nxd4 g6 5. c4 Bg7 6. Be3 Nf6 7. Nc3 Ng4 8. Qxg4 Nxd4 9. Qd1 Ne6 10. Qd2 d6 11. Rc1 b6 12. Be2 Bb7 13. 0-0 0-0 14. f3 Rc8 15. Rfd1 a5 1/2-1/2

[Event "Ukhta"]
[Site "Ukhta"]
[Date "2009.04.06"]
[Round "7"]
[White "Vokuev, Anatoliy"]
[Black "Smirnov, Igor A"]
[Result "0-1"]
[WhiteElo "1817"]
[BlackElo "2022"]
[PlyCount "81"]
[EventDate "2009.04.02"]
[EventType "tourn"]
[EventRounds "11"]
[EventCountry "RUS"]
[SourceTitle "EXT 2012"]
[Source "ChessBase"]
[SourceDate "2011.11.24"]
[SourceVersion "1"]
[SourceVersionDate "2011.11.24"]
[SourceQuality "1"]

1. e4 d6 2. Bc4 g6 3. Nf3 Bg7 4. 0-0 Nf6 5. d3 Nc6 6. a3 Bg4 7. Bb5 0-0 8. Bxc6 bxc6 9. h3 Bc8 10. Nc3 Rb8 11. Rb1 c5 12. Be3 Bb7 13. Qc1 e5 14. Ne2 Re8 15. Bg5 Qd7 16. c4 a5 17. Ng3 a4 18. Bh6 Bc6 19. Qg5 Bxh6 20. Qxh6 Qe7 21. Qg5 Kh8 22. Nh2 Ng8 23. Qxe7 Nxe7 24. f4 exf4 25. Rxf4 Kg7 26. Rbf1 Rf8 27. R1f2 Bd7 28. e5 dxe5 29. Re4 Nc6 30. Ng4 f6 31. Re3 h5 32. Ne4 hxg4 33. Nxc5 Rbd8 34. Nxa4 gxh3 35. gxh3 Nd4 36. Nc5 Bc8 37. b4 Ne6 38. Nb3 Nf4 39. Ra2 Rxd3 40. Rxd3 Nxd3 41. Rd2 0-1

[Event "Ukhta"]
[Site "Ukhta"]
[Date "2009.04.02"]
[Round "2"]
[White "Smirnov, Igor A"]
[Black "Olhovskiy, Aleksandr"]
[Result "0-1"]
[WhiteElo "2022"]
[BlackElo "1884"]
[PlyCount "94"]
[EventDate "2009.04.02"]
[EventType "tourn"]
[EventRounds "11"]
[EventCountry "RUS"]
[SourceTitle "EXT 2012"]
[Source "ChessBase"]
[SourceDate "2011.11.24"]
[SourceVersion "1"]
[SourceVersionDate "2011.11.24"]
[SourceQuality "1"]

1. Nf3 Nf6 2. c4 e6 3. g3 b6 4. Bg2 Bb7 5. 0-0 Be7 6. d3 0-0 7. Nc3 d5 8. cxd5 Nxd5 9. Qc2 c5 10. Bd2 Nd7 11. a3 Rc8 12. Rfd1 N7f6 13. e4 Nxc3 14. bxc3 c4 15. dxc4 Bxe4 16. Qa4 Qc7 17. Bf4 Qb7 18. Ne1 Bxg2 19. Nxg2 Bc5 20. Rd3 Bxf2+ 21. Kxf2 Ne4+ 22. Kg1 Nc5 23. Qd1 Nxd3 24. Qxd3 Rfd8 25. Qe2 Qc6 26. Ne3 f6 27. g4 Qe4 28. Bg3 Rd3 29. Bf2 Rxc4 30. Rd1 Rcxc3 31. Rxd3 Qxd3 32. Qa2 Rc1+ 33. Kg2 Qe4+ 34. Kg3 Rc3 35. Qd2 Rd3 36. Qc1 Qe5+ 37. Kg2 Qc3 38. Qb1 Rxe3 39. Qb5 h6 40. Qe8+ Kh7 41. Bxe3 Qxe3 42. h4 Qd2+ 43. Kg3 Qc3+ 44. Kg2 Qb2+ 45. Kg1 Qd4+ 46. Kh2 Qxg4 47. h5 e5 0-1

[Event "Ukhta-ch"]
[Site "Ukhta"]
[Date "2008.12.13"]
[Round "12"]
[White "Smirnov, Igor A"]
[Black "Uliashov, Dmitriy"]
[Result "0-1"]
[WhiteElo "2496"]
[BlackElo "2247"]
[PlyCount "90"]
[EventDate "2008.11.08"]
[EventType "tourn"]
[EventRounds "15"]
[EventCountry "RUS"]
[SourceTitle "EXT 2022"]
[Source "ChessBase"]
[SourceDate "2021.10.06"]
[SourceVersion "1"]
[SourceVersionDate "2021.10.06"]
[SourceQuality "1"]

1. e4 c5 2. Nf3 Nc6 3. d4 cxd4 4. Nxd4 Nf6 5. Nc3 d6 6. Be2 e6 7. Be3 Be7 8. 0-0 0-0 9. Qe1 a6 10. Rd1 Qc7 11. f4 Bd7 12. Qg3 b5 13. a3 Kh8 14. Bd3 Rac8 15. Kh1 e5 16. Nf5 Bxf5 17. exf5 b4 18. axb4 Nxb4 19. Bc1 Rfe8 20. Rfe1 exf4 21. Qxf4 Qc5 22. Be3 Nxd3 23. Rxd3 Qc6 24. Bd4 Bf8 25. Red1 Nd7 26. Rh3 f6 27. Qh4 h6 28. Be3 Re5 29. Qg4 Rce8 30. Bf2 Nc5 31. Bh4 Ne4 32. Nxe4 Rxe4 33. Qg6 Qxc2 34. Rg1 Qxb2 35. Bg3 Qd4 36. Rh4 Qe3 37. Bf4 Qc3 38. Qf7 Re1 39. h3 Rxg1+ 40. Kxg1 Qe1+ 41. Kh2 Qxh4 42. Qxe8 Qxf4+ 43. g3 Qf2+ 44. Kh1 Qxg3 45. Qxf8+ Kh7 0-1

[Event "Ukhta-ch"]
[Site "Ukhta"]
[Date "2008.12.06"]
[Round "10"]
[White "Smirnov, Igor A"]
[Black "Rikkinen, Stanislav"]
[Result "1/2-1/2"]
[WhiteElo "2496"]
[BlackElo "2180"]
[PlyCount "92"]
[EventDate "2008.11.08"]
[EventType "tourn"]
[EventRounds "15"]
[EventCountry "RUS"]
[SourceTitle "EXT 2022"]
[Source "ChessBase"]
[SourceDate "2021.10.06"]
[SourceVersion "1"]
[SourceVersionDate "2021.10.06"]
[SourceQuality "1"]

1. e4 d5 2. exd5 Qxd5 3. Nc3 Qa5 4. Nf3 Nf6 5. d4 Bf5 6. Bc4 e6 7. Bd2 c6 8. Qe2 Bb4 9. 0-0 0-0 10. a3 Bxc3 11. Bxc3 Qc7 12. Bb3 Nd5 13. Bd2 Bg4 14. c4 Qb6 15. Bc2 Nf6 16. Be3 Qc7 17. h3 Bh5 18. Rac1 Nbd7 19. Bg5 Rfe8 20. Qe3 e5 21. dxe5 Bxf3 22. Qxf3 Qxe5 23. Bh4 Qxb2 24. Bf5 Qd4 25. Bg5 Ne5 26. Qb3 Qb6 27. Qc2 Ng6 28. h4 Nh5 29. c5 Qc7 30. Rcd1 Qe5 31. Rd7 b6 32. Be3 Nxh4 33. Bxh7+ Kh8 34. Bd3 Qe6 35. Rd4 Ng6 36. Bxg6 Qxg6 37. Qxg6 fxg6 38. Rd6 bxc5 39. Rxc6 Rac8 40. Rxc5 Rxc5 41. Bxc5 a6 42. Rb1 Re5 43. Bd6 Rd5 44. Rb6 a5 45. a4 Rd3 46. Bc5 Kh7 1/2-1/2